LDR 00728naa#a2200169#i#450# 001 RU\\bibl\120507 005 20260417140412.5 011 ## _a1019-8946 100 ## _a20260410b2026####ek#y0rusy0150####ca 102 ## _aRU 200 1# _aКак выбрать закваску для творога _eЖурнальная статья 210 1# _aКемерово _cКемеровский государственный университет _d2026 215 ## _a1 с. 608 ## _aЖурнальная статья _2local 675 ## _aСельское хозяйство. Лесное хозяйство. Охота. Рыбное хозяйство. 63 _z 700 #1 _aКашина _gЕвгения Дмитриевна 856 4# _ajstrategizing.kemsu.ru _u